Исследование динамических характеристик люминесцентных преобразователей; Современные техника и технологии; Т. 1

Opis bibliograficzny
Parent link:Современные техника и технологии: сборник трудов XV Международной научно-практической конференции студентов, аспирантов и молодых ученых, Томск, 4-8 мая 2009 г/ Национальный исследовательский Томский политехнический университет (ТПУ).— , 2009
Т. 1.— 2009.— [С. 144-145]
1. autor: Буллер А. И. Алексей Иванович
Kolejni autorzy: Москалёв Ю. А. Юрий Александрович (научный руководитель), Кулешов В. К. Валерий Константинович, Кулешов В. К.
Streszczenie:Заглавие с титульного листа
Электронная версия печатной публикации
Język:rosyjski
Wydane: 2009
Hasła przedmiotowe:
Dostęp online:http://www.lib.tpu.ru/fulltext/c/2009/C01/V1/070.pdf
Format: MixedMaterials Elektroniczne Rozdział
KOHA link:https://koha.lib.tpu.ru/cgi-bin/koha/opac-detail.pl?biblionumber=241051

MARC

LEADER 00000naa2a2200000 4500
001 241051
005 20251209162417.0
035 |a (RuTPU)RU\TPU\book\262316 
035 |a RU\TPU\book\262313 
090 |a 241051 
100 |a 20130701d2009 k y0rusy50 ca 
101 0 |a rus 
102 |a RU 
135 |a drnn ---uucaa 
181 0 |a i  
182 0 |a b 
200 1 |a Исследование динамических характеристик люминесцентных преобразователей  |f А. И. Буллер, Ю. А. Москалёв, В. К. Кулешов  |g науч. рук. В. К. Кулешов 
203 |a Текст  |c электронный 
215 |a 1 файл (300 Кб) 
300 |a Заглавие с титульного листа 
300 |a Электронная версия печатной публикации 
337 |a Adobe Reader 
461 0 |0 (RuTPU)RU\TPU\book\261117  |t Современные техника и технологии  |o сборник трудов XV Международной научно-практической конференции студентов, аспирантов и молодых ученых, Томск, 4-8 мая 2009 г  |o в 3 т.  |f Национальный исследовательский Томский политехнический университет (ТПУ)  |d 2009 
463 0 |0 (RuTPU)RU\TPU\book\261157  |t Т. 1  |v [С. 144-145]  |d 2009 
610 1 |a электронный ресурс 
610 1 |a труды учёных ТПУ 
610 1 |a люминесцентные преобразователи 
610 1 |a динамические характеристики 
610 1 |a неразрушающий контроль 
610 1 |a дефектоскопия 
610 1 |a монокристаллические структуры 
610 1 |a зонные схемы 
610 1 |a фосфор 
700 1 |a Буллер  |b А. И.  |c специалист в области неразрушающего контроля  |c научный сотрудник Томского политехнического университета  |g Алексей Иванович  |3 (RuTPU)RU\TPU\pers\28178 
701 1 |a Москалёв  |b Ю. А.  |c специалист в области технической томографии и интроскопии  |c заведующий сектором лаборатории №40 Томского политехнического университета  |g Юрий Александрович  |3 (RuTPU)RU\TPU\pers\28177 
701 1 |a Кулешов  |b В. К.  |c специалист в области неразрушающего контроля  |c профессор Томского политехнического университета, доктор технических наук  |f 1939-  |g Валерий Константинович  |3 (RuTPU)RU\TPU\pers\19828 
702 1 |a Кулешов  |b В. К.  |4 727 
801 1 |a RU  |b 63413507  |c 20130617 
801 2 |a RU  |b 63413507  |c 20131024  |g RCR 
856 4 |u http://www.lib.tpu.ru/fulltext/c/2009/C01/V1/070.pdf 
942 |c CF